Psychologie
Uložené v:
| Hlavní autori: | , |
|---|---|
| Médium: | Kniha |
| Jazyk: | Czech |
| Vydavateľské údaje: |
Praha :
Portál,
2003
|
| Vydanie: | 2., aktualiz. vyd. |
| Predmet: | |
| Tagy: |
Žiadne tagy, Buďte prvý, kto otaguje tento záznam!
|
MARC
| LEADER | 00000nam a22000003a 4500 | ||
|---|---|---|---|
| 001 | stu219379 | ||
| 005 | 20150617230119.4 | ||
| 008 | 101214s2003----xr------------------cze-d | ||
| 020 | |a 80-7178-640-3 | ||
| 040 | |a STU |b slo | ||
| 041 | 0 | |a cze | |
| 044 | |a xr | ||
| 080 | |a 159.9 | ||
| 100 | 1 | |a Atkinson, Rita L. |4 aut | |
| 245 | 1 | |a Psychologie | |
| 250 | |a 2., aktualiz. vyd. | ||
| 260 | |a Praha : |b Portál, |c 2003 | ||
| 300 | |a 751 s | ||
| 650 | 7 | |a psychológia |2 stusub | |
| 700 | 1 | |a et al. |4 aut | |
| 996 | |b 284M078990 |c M*12851-1 |l MMKN |s A |a 24 |w stu219379_0001 | ||
| 996 | |b 284M078992 |c M*12851-3 |l MMKN |s A |a 24 |w stu219379_0002 | ||
| 996 | |b 284M079020 |c M*12851-5 |l MMKN |s A |a 24 |w stu219379_0003 | ||
| 996 | |b 284M078991 |c M*12851-2 |l MMKN |s A |a 24 |w stu219379_0004 | ||
| 996 | |b 284M078993 |c M*12851-4 |l MMKN |s A |a 24 |w stu219379_0005 | ||
| 996 | |b 284M079021 |c M*12851-6 |l MMKN |s A |a 24 |w stu219379_0006 | ||